00357nam a2200109 a 4500008004100000050001600041245004200057246008400099260004200183300001300225350000900238120416s1939 ||||||||||||||||| || u aPL 8703 Int12aA Standard Swahili-English dictionary aInter-territorial Lnguage (Swahili) Committee for the East African Dependencies aLondonbOxford University Pressc1939 ax, 548p. a0.00